Wo bin ich - Autokennzeichen - Statistiken

Allgemein
  • Dieses Quiz wurde 437 mal gespielt
  • Das Durchschnittsergebnis liegt bei 8 aus 12
Antwortstatistiken
Frage Antwort % Korrekt
BAR, BER, OHV, P Berlin
87%
BM, BN, LEV, SU Köln
87%
HG, HU, MTK, OF Frankfurt am Main
84%
MTK, MZ, RÜD, SWA Wiesbaden
79%
FFB, TÖL, PAN, WM München
68%
BB, LEO, NT, VAI Stuttgart
68%
57, NK, SLS, VK Saarbrücken
63%
HA, HAM, LÜN, UN Dortmund
61%
PI, RZ, SE, WL Hamburg
61%
BZ, DW, FTL, PIR Dresden
58%
EH, FSL, LOS, MOL Frankfurt an der Oder
53%
EB, GRM, MTL, TDO Leipzig
42%
Keine übereinstimmenden Quizze gefunden
Verteilung der Resultate
Anzahl Personen mit jedem Resultat
Perzentil nach korrekt beantworteten Fragen
Ihre Resultats-Entwicklung
Sie haben dieses Quiz noch nicht gespielt